| 000 | 00884 a2200289 4500 | ||
|---|---|---|---|
| 003 | 0 | ||
| 005 | 20170410124757.0 | ||
| 008 | 170410b xxu||||| |||| 00| 0 eng d | ||
| 020 | _a2 10 004189 4 | ||
| 037 | _aS 8100 | ||
| 040 |
_aBUAC _bFre _cBUC _dBEPAC |
||
| 100 | _lFr | ||
| 100 | _aWolpert, Lewis | ||
| 245 |
_aBiologie du développement : _bles grands principes _c/ par Lewis Wolpert ; préf de Nicole M. Le Douarin ; trd. de l'anglais par Jacqueline Souchon |
||
| 260 |
_bDunod, _aParis : |
||
| 260 | _c1999 | ||
| 300 |
_aXXII-479 p. _ccouv. ill. en coul. ; |
||
| 300 | _b30 cm. | ||
| 440 | _a(SCIENCES SUP) | ||
| 500 | _aComprend index Cours 2ème cycle CAPES AGREGATION | ||
| 650 | _aBiologie du développement : principe | ||
| 700 | _aLe Douarin, Nicole M. | ||
| 700 | _aSouchon, Jacqueline | ||
| 700 | _aBeaumont, André | ||
| 942 | _cLIVR | ||
| 999 |
_c33464 _d33464 |
||